000 00477nam a2200133Ia 4500
001 4455
008 241024s9999 xx 000 0 und d
082 _aRD/371.07/R426p/2012-2016/4/2013
100 _aRepública Dominicana. Ministerio de Educación
245 0 _aPrograma de Jornada Extendida. Orientación para Jornada Extendida. Nivel Medio, Modalidad General. Gestión Educativa 2012-2016
260 _bSanto Domingo
_c2013
901 _a3/10/2016 4:18:30 p.m.
999 _c8907
_d8907